000 00830nam a2200265 i 4500
001 bg
100 1 _aNEGUS, Christopher
_d(1957- )
245 1 0 _aLinux :
_brozwiązywanie problemów : biblia /
_cChristopher Negus, Thomas Weeks.
246 _iTyt. oryg.:
_aLinux troubleshooting bible
260 _aGliwice :
_b"Helion",
_c2005.
300 _a647 s. :
_bil ;
_c25 cm.
500 _aTyt. oryg.: "Linux troubleshooting bible", 2004.
504 _aIndeks.
650 9 _aLinux
655 _aPodręczniki
700 1 _aWEEKS, Thomasz
020 _a8373617248
040 _cBPK
041 1 _apol
_heng
080 _a004.451(07)
920 _a83-7361-724-8
942 _cKS
008 s pl f |000 0 pol
999 _c46178
_d46178
856 _uhttp://koha.tu.koszalin.pl/cgi-bin/koha/opac-detail.pl?biblionumber=46178
_yKatalog online BPK